Statistics for Top Export of Each U.S. State

Click here to take the quiz!

General Stats

  • This quiz has been taken 140 times
  • The average score is 25 of 51

Answer Stats

Hint Answer % Correct
IowaCorn
82%
IndianaCorn
82%
KansasWheat
77%
OregonWheat
77%
North DakotaWheat
77%
NebraskaBeef
68%
ColoradoBeef
68%
NevadaGold
67%
MassachusettsGold
67%
New HampshireGold
67%
FloridaGold
67%
UtahGold
67%
GeorgiaChicken
65%
South CarolinaChicken
65%
ArkansasChicken
65%
MarylandChicken
65%
West VirginiaCoal
60%
AlabamaCoal
60%
MontanaCoal
60%
PennsylvaniaCoal
60%
MissouriCoal
60%
OklahomaPork
57%
South DakotaPork
57%
MinnesotaIron
55%
IdahoDairy products
54%
VermontDairy products
54%
New MexicoDairy products
54%
TennesseeCotton
51%
TexasCotton
51%
MississippiCotton
51%
ConnecticutCopper
48%
ArizonaCopper
48%
WashingtonSoybeans
46%
VirginiaSoybeans
46%
OhioSoybeans
46%
IllinoisSoybeans
46%
LouisianaSoybeans
46%
North CarolinaTobacco
37%
CaliforniaDiamonds
34%
New YorkDiamonds
34%
DelawareBananas
26%
HawaiiShrimp
23%
Dist. of ColumbiaUranium
18%
KentuckyHorses
18%
WyomingUranium
18%
MaineLobsters
18%
AlaskaZinc
17%
MichiganSilicon
13%
WisconsinMink
7%
New JerseyPalladium
3%
Rhode IslandSquid
2%

Score Distribution

Percentile by Number Answered

Percent of People with Each Score

Your Score History

You have not taken this quiz